000
00207 a2200097 4500
001
14807
100
_a
Rafi-ud-Din
245
_a
Hikmati-Iqbal
260
_a
Lahore
_b
Ili Kitab Khana
_c
090
_c
11586
_d
11586
942
_a
NUST-CAE
_c
M
_c
1765
999
_c
249880
_d
249880